Dlhy minulých rokov ohrozujú funkčnosť subjektov liekového reťazca

Bibliographic Details
Main Author: Velecký, Milan (Author)
Format: Article
Language:Slovak
PhysicalDescription:Graf
ISSN:1335-0684
Subjects:

MARC

LEADER 00000nab a2200000 a 4500
001 vtls000730172
003 SK-MaSNL
005 20260302200346.0
008 180206c2000 xo 0 slo
015 |a SNBRB2000/09-23335 
035 |a CLN000082305 
040 |a SNKBUCL  |b slo  |c SNKBUCL  |e AACR2 
041 0 |a slo 
044 |a xo  |c SK 
080 |a 338.46(437.6):615  |2 UDC-MRF-SK2 
080 |a 615.1  |2 UDC-MRF-SK2 
100 1 |a Velecký, Milan  |4 aut  |9 838629 
245 1 0 |a Dlhy minulých rokov ohrozujú funkčnosť subjektov liekového reťazca  |c Milan Velecký 
300 |b Graf 
650 0 7 |a lieky  |x trh  |z Slovensko  |2 snkbucl  |9 889813 
650 0 7 |a zdravotníctvo  |z Slovensko  |2 snkbucl  |9 310379 
655 7 |a články z novín a časopisov  |2 snkbucl  |9 267496 
773 0 |x 1335-0684  |t Trend  |g Roč. 10, č. 31 (2000), s. 9A 
850 |a Slovenská národná knižnica v Martine 
852 |a SNK  |b KIS3GCP 
958 |a RBX 
999 |c 1456413  |d 1458343